Biología : la unidad y la diversidad de la vida /
Guardado en:
| Autor Principal: | |
|---|---|
| Otros Autores: | |
| Formato: | Libro |
| Publicado: |
México :
Cengage Learning,
2008
|
| Edición: | 11a. ed. |
| Materias: | |
| Etiquetas: |
Agregar Etiqueta
Sin Etiquetas, Sea el primero en etiquetar este registro!
|
| LEADER | 01700nam a22002175a 4500 | ||
|---|---|---|---|
| 001 | CEM.cems017678 | ||
| 005 | 20121116163938.0 | ||
| 008 | 130507s2008##################000#0#####d | ||
| 003 | CEMS | ||
| 020 | |a 9789706868824 | ||
| 082 | 0 | 4 | |a 574 |
| 100 | 1 | |a Starr, Cecie | |
| 245 | 1 | 0 | |a Biología : |b la unidad y la diversidad de la vida / |c Cecie Starr y Ralph Taggart |
| 250 | |a 11a. ed. | ||
| 260 | |a México : |b Cengage Learning, |c 2008 | ||
| 300 | |a 590 p. + CD-ROM | ||
| 500 | |a Versión abreviada | ||
| 505 | 0 | |a Invitación al estudio de la biología -- Principios de la vida celular -- La base química de la vida -- Las moléculas de la vida -- Estructura y función de las células -- Un examen más detallado de las membranas celulares -- Principios básicos del metabolismo -- Fotosíntesis: donde comienza la vida -- Cómo liberan energía química las células -- Principios de la herencia -- Cómo se reproducen las células -- Meiosis y la reproducción sexual -- Patrones observables en los rasgos hereditarios -- Los cromosomas y la herencia humana -- La estructura y el funcionamiento del ADN -- Del ADN a las proteínas -- Principios de la evolución -- Pruebas en favor de la evolución -- Procesos microevolutivos -- Patrones, tasas y tendencias de la evolución -- Origen y evolución temmprana de la vida -- Procariotas y virus -- Protistas: los eucariontes más simples -- Evolución de las plantas -- Hongos -- Evolución de los animales: los invertebrados -- Evolución de los animales: los vertebrados -- Perspectivas sobre la biodiversidad -- Problemática ambiental | |
| 653 | |a Biología | ||
| 700 | 1 | |a Taggart, Ralph | |
| 859 | |a CEMS |b BIB. CEMS - Agricultura |h 574 |i St286-1a11 |p A1426.11 |t Ej.1 | ||
